[Event "Oceania zt"]
[Site "Gold Coast"]
[Date "2009.06.20"]
[Round "2"]
[White "Yuan, Yi"]
[Black "Hernandez, Roberto2222"]
[Result "1-0"]
[WhiteElo "2010"]
[BlackElo "1830"]
[PlyCount "121"]
[EventDate "2009.06.20"]
[EventType "swiss"]
[EventRounds "9"]
[EventCountry "AUS"]
[SourceTitle "CBM 130 Extra"]
[Source "ChessBase"]
[SourceDate "2009.07.02"]
[SourceVersion "2"]
[SourceVersionDate "2009.07.15"]
[SourceQuality "1"]

1. e4 g6 2. d4 Bg7 3. Nc3 d6 4. Be3 Nf6 5. Nf3 0-0 6. Qd2 Ng4 7. Bg5 f6 8. Bf4 e5 9. Bc4+ Kh8 10. Bg3 Nc6 11. h3 exd4 12. Nxd4 Nxd4 13. hxg4 c5 14. 0-0-0 Bxg4 15. f3 Bh5 16. Bf2 f5 17. Bxd4 cxd4 18. Nd5 Rc8 19. Bb3 d3 20. exf5 Rxf5 21. Qxd3 Qg5+ 22. Qd2 Qxd2+ 23. Rxd2 Bh6 24. Ne7 Re8 25. Nxf5 gxf5 26. Kd1 Bxd2 27. Kxd2 Bg6 28. Rh4 Kg7 29. Ra4 a6 30. Rd4 Rd8 31. Bd5 b5 32. Bb7 a5 33. Bc6 b4 34. Rd5 Kf6 35. Rxa5 Kg5 36. Rb5 Kf4 37. g4 fxg4 38. Rxb4+ Ke5 39. Rxg4 Rc8 40. Be4 Kf6 41. Bxg6 hxg6 42. c4 Ra8 43. a3 Ra5 44. Rd4 Ke6 45. Rd5 Rxd5+ 46. cxd5+ Kxd5 47. a4 Kc4 48. a5 Kb5 49. b4 g5 50. Kd3 d5 51. Kd4 Kc6 52. a6 Kb6 53. b5 Ka7 54. Kxd5 Kb6 55. Kd6 Ka7 56. Kc7 g4 57. fxg4 Ka8 58. g5 Ka7 59. g6 Ka8 60. g7 Ka7 61. Kc6 1-0

[Event "Sydney op-A"]
[Site "Parramatta"]
[Date "2009.04.17"]
[Round "6"]
[White "Yuan, Yi"]
[Black "Stojic, Dusan"]
[Result "1-0"]
[WhiteElo "2010"]
[BlackElo "2229"]
[PlyCount "51"]
[EventDate "2009.04.15"]
[EventType "swiss"]
[EventRounds "9"]
[EventCountry "AUS"]
[SourceTitle "CBM 129 Extra"]
[Source "ChessBase"]
[SourceDate "2009.05.05"]
[SourceVersion "2"]
[SourceVersionDate "2009.05.20"]
[SourceQuality "1"]

1. e4 c5 2. c3 Nf6 3. e5 Nd5 4. Na3 d6 5. exd6 Qxd6 6. Nf3 Nc6 7. d4 cxd4 8. Nb5 Qd8 9. Bc4 Nc7 10. Nfxd4 e5 11. Qf3 Qd7 12. Nxc6 bxc6 13. Bxf7+ Kd8 14. Bg5+ Be7 15. Rd1 Nxb5 16. Rxd7+ Bxd7 17. Bxe7+ Kxe7 18. Bb3 Kd6 19. a4 Nc7 20. 0-0 Rhf8 21. Qd3+ Ke7 22. Rd1 Nd5 23. Bxd5 cxd5 24. Qxd5 Be6 25. Qxe5 Kf7 26. f4 1-0

[Event "Sydney op-A"]
[Site "Parramatta"]
[Date "2009.04.16"]
[Round "4"]
[White "Chow, Samuel"]
[Black "Yuan, Yi"]
[Result "1-0"]
[WhiteElo "2299"]
[BlackElo "2010"]
[PlyCount "63"]
[EventDate "2009.04.15"]
[EventType "swiss"]
[EventRounds "9"]
[EventCountry "AUS"]
[SourceTitle "CBM 129 Extra"]
[Source "ChessBase"]
[SourceDate "2009.05.05"]
[SourceVersion "2"]
[SourceVersionDate "2009.05.20"]
[SourceQuality "1"]

1. c4 e5 2. Nc3 Nf6 3. Nf3 Nc6 4. d4 exd4 5. Nxd4 Nxd4 6. Qxd4 Be7 7. g3 0-0 8. Bg2 d6 9. 0-0 Re8 10. b3 Nd7 11. Bb2 Bf6 12. Qd2 Nc5 13. e4 a5 14. Rac1 Bd7 15. Qc2 Bc6 16. Rfe1 Qb8 17. Kh1 b6 18. Rcd1 a4 19. b4 a3 20. Ba1 Na4 21. Nd5 Bxa1 22. Rxa1 Nb2 23. e5 Ba4 24. Qc3 dxe5 25. Rxe5 Rxe5 26. Qxe5 c6 27. Ne7+ Kh8 28. Qf5 Qd6 29. Be4 g6 30. Qxf7 Nd1 31. Bxg6 Nxf2+ 32. Kg2 1-0

[Event "Sydney op-A"]
[Site "Parramatta"]
[Date "2009.04.15"]
[Round "2"]
[White "Yuan, Yi"]
[Black "Swati, Ghate"]
[Result "0-1"]
[WhiteElo "2010"]
[BlackElo "2330"]
[PlyCount "102"]
[EventDate "2009.04.15"]
[EventType "swiss"]
[EventRounds "9"]
[EventCountry "AUS"]
[SourceTitle "CBM 129 Extra"]
[Source "ChessBase"]
[SourceDate "2009.05.05"]
[SourceVersion "2"]
[SourceVersionDate "2009.05.20"]
[SourceQuality "1"]

1. e4 e5 2. Nf3 Nc6 3. d4 exd4 4. Bc4 Nf6 5. 0-0 Nxe4 6. Re1 d5 7. Bxd5 Qxd5 8. Nc3 Qa5 9. Nxe4 Be6 10. Bd2 Qd5 11. Bg5 h6 12. Bf6 Rg8 13. Qd2 Be7 14. Bxe7 Kxe7 15. Qf4 Rad8 16. Qxc7+ Rd7 17. Qf4 Rgd8 18. Rad1 Qb5 19. Ng3 Rd5 20. a4 Qa5 21. h3 Kd7 22. b4 Qxb4 23. Rb1 Qd6 24. Qxd6+ Rxd6 25. Rxb7+ Kc8 26. Rb5 Rd5 27. Ne5 Rxb5 28. Nxc6 Rc5 29. Nxd8 Kxd8 30. Rd1 Rxc2 31. Rxd4+ Kc7 32. Rb4 Kc6 33. Ne4 Rc4 34. Rxc4+ Bxc4 35. g4 a5 36. f4 Bb3 37. Kf2 Bxa4 38. Ng3 Bc2 39. Ke2 Kc5 40. Kd2 Bb1 41. Kc1 Bd3 42. Nh5 g6 43. Nf6 Kd4 44. Ng8 h5 45. Nh6 hxg4 46. hxg4 Kc3 47. Nxf7 a4 48. Nd6 a3 49. Nb5+ Bxb5 50. Kb1 Bc4 51. f5 g5 0-1

[Event "Doeberl Cup 47th"]
[Site "Canberra"]
[Date "2009.04.13"]
[Round "9"]
[White "Saw, Geoffrey"]
[Black "Yuan, Yi"]
[Result "1/2-1/2"]
[WhiteElo "2279"]
[BlackElo "2010"]
[PlyCount "90"]
[EventDate "2009.04.09"]
[EventType "swiss"]
[EventRounds "9"]
[EventCountry "AUS"]
[SourceTitle "CBM 129 Extra"]
[Source "ChessBase"]
[SourceDate "2009.05.05"]
[SourceVersion "2"]
[SourceVersionDate "2009.05.20"]
[SourceQuality "1"]

1. e4 e5 2. Nf3 Nc6 3. Bb5 a6 4. Ba4 Nf6 5. 0-0 Nxe4 6. d4 b5 7. Bb3 d5 8. dxe5 Be6 9. Nbd2 Nc5 10. c3 d4 11. Bxe6 fxe6 12. cxd4 Nxd4 13. Nxd4 Qxd4 14. Nf3 Qd5 15. Be3 Nd3 16. a4 Bb4 17. axb5 0-0 18. bxa6 c5 19. Qe2 Rfd8 20. Bd2 Qb3 21. Bxb4 Qxb4 22. Rfd1 c4 23. Ne1 Qb5 24. a7 Rd5 25. Nxd3 cxd3 26. Qe4 Qb6 27. Rxd3 Rxa7 28. Rxa7 Qxa7 29. g3 Qa1+ 30. Kg2 Rxd3 31. Qxd3 Qa8+ 32. f3 Qb7 33. Qc3 Qb5 34. b4 Qe2+ 35. Kh3 Kf7 36. Qd4 Qf1+ 37. Kh4 Qb5 38. Qc5 Qe2 39. Qd4 Qxh2+ 40. Kg4 h5+ 41. Kf4 Kg6 42. Qd7 Qa2 43. g4 Qh2+ 44. Ke4 Qe2+ 45. Kf4 Qh2+ 1/2-1/2

[Event "Doeberl Cup 47th"]
[Site "Canberra"]
[Date "2009.04.12"]
[Round "7"]
[White "Fernandez, Daniel Howard"]
[Black "Yuan, Yi"]
[Result "0-1"]
[WhiteElo "2171"]
[BlackElo "2010"]
[PlyCount "98"]
[EventDate "2009.04.09"]
[EventType "swiss"]
[EventRounds "9"]
[EventCountry "AUS"]
[SourceTitle "CBM 129 Extra"]
[Source "ChessBase"]
[SourceDate "2009.05.05"]
[SourceVersion "2"]
[SourceVersionDate "2009.05.20"]
[SourceQuality "1"]

1. e4 e5 2. Ne2 Nc6 3. Nbc3 d6 4. d4 exd4 5. Nxd4 Nxd4 6. Qxd4 Nf6 7. Be3 Be7 8. f3 Be6 9. Bb5+ Nd7 10. f4 c6 11. Be2 Nb6 12. Qxg7 Bf6 13. Qh6 Qe7 14. e5 dxe5 15. 0-0-0 exf4 16. Ne4 Bxb2+ 17. Kxb2 Qb4+ 18. Ka1 Qxe4 19. Qf6 Rg8 20. Bc5 Nd5 21. Rxd5 Bxd5 22. Bd3 Qe6 23. Qc3 Qh6 24. Rb1 0-0-0 25. Rxb7 Kxb7 26. Qa5 Qf6+ 27. c3 Ra8 28. Ba6+ Kb8 29. Qb4+ Kc7 30. Qb7+ Kd8 31. Qxa8+ Kd7 32. Qxa7+ Ke6 33. Bd4 Qe7 34. Bb7 f6 35. Bc5 Qd7 36. Qa6 Kf7 37. Qd3 Rg6 38. Ba6 Be6 39. Bd6 Qa7 40. Bc4 Qg1+ 41. Kb2 Qxg2+ 42. Ka3 Bxc4 43. Qxc4+ Qd5 44. Qxf4 Rg2 45. c4 Qa5+ 46. Kb3 Qxa2+ 47. Kb4 Qd2+ 48. Qxd2 Rxd2 49. Bf4 Rd4 0-1

[Event "Doeberl Cup 47th"]
[Site "Canberra"]
[Date "2009.04.11"]
[Round "5"]
[White "Mandla, Blair"]
[Black "Yuan, Yi"]
[Result "1-0"]
[WhiteElo "2156"]
[BlackElo "2010"]
[PlyCount "137"]
[EventDate "2009.04.09"]
[EventType "swiss"]
[EventRounds "9"]
[EventCountry "AUS"]
[SourceTitle "CBM 129 Extra"]
[Source "ChessBase"]
[SourceDate "2009.05.05"]
[SourceVersion "2"]
[SourceVersionDate "2009.05.20"]
[SourceQuality "1"]

1. e4 e5 2. Nf3 Nc6 3. d4 exd4 4. Nxd4 Qh4 5. Nb5 Bb4+ 6. c3 Qxe4+ 7. Be2 Ba5 8. 0-0 Nge7 9. Bd3 Qh4 10. Re1 Bb6 11. g3 Qf6 12. Be3 Bxe3 13. Rxe3 Kd8 14. Nd2 a6 15. Ne4 Qh6 16. Nd4 Nxd4 17. cxd4 f5 18. Nc5 b6 19. Rxe7 Kxe7 20. Qe2+ Kd8 21. Re1 Qf6 22. Nxa6 Bxa6 23. Bxa6 Rf8 24. Bc4 Rb8 25. a4 Qd6 26. d5 Ra8 27. b3 f4 28. g4 f3 29. Qe4 Qf4 30. Qe7+ Kc8 31. Re4 Qf6 32. Bb5 Rd8 33. h4 Qa1+ 34. Kh2 Qb2 35. Kg3 Qb1 36. Re1 Qxb3 37. d6 Qc3 38. Re4 Qf6 39. dxc7 Kxc7 40. Qxf6 gxf6 41. Kxf3 Re8 42. Rc4+ Kd8 43. Rd4 Ra7 44. Rd6 Re6 45. Rd4 Ke7 46. Kf4 h6 47. Kf5 d6 48. f4 Ra8 49. Rc4 Ra7 50. Rc8 Kf7 51. Bc4 Ra5+ 52. Bb5 Re1 53. Rc7+ Re7 54. Rc6 Raa7 55. Rxd6 Rac7 56. Rxf6+ Kg7 57. Rg6+ Kf7 58. Rc6 Rxc6 59. Bxc6 Rc7 60. Bd5+ Kg7 61. Ke6 Rc1 62. g5 Rf1 63. f5 Rg1 64. Ke7 Rf1 65. f6+ Kh7 66. Be4+ Kg8 67. g6 h5 68. Bd5+ Kh8 69. g7+ 1-0

[Event "Doeberl Cup 47th"]
[Site "Canberra"]
[Date "2009.04.10"]
[Round "4"]
[White "Wright, Neil"]
[Black "Yuan, Yi"]
[Result "1-0"]
[WhiteElo "2208"]
[BlackElo "2010"]
[PlyCount "73"]
[EventDate "2009.04.09"]
[EventType "swiss"]
[EventRounds "9"]
[EventCountry "AUS"]
[SourceTitle "CBM 129 Extra"]
[Source "ChessBase"]
[SourceDate "2009.05.05"]
[SourceVersion "2"]
[SourceVersionDate "2009.05.20"]
[SourceQuality "1"]

1. Nf3 Nf6 2. c4 d6 3. d4 g6 4. Nc3 Bg7 5. e4 0-0 6. Be2 e5 7. 0-0 Nc6 8. d5 Ne7 9. b4 a5 10. Ba3 Nh5 11. Re1 f5 12. c5 Nf6 13. cxd6 cxd6 14. Ng5 Nxe4 15. Ncxe4 fxe4 16. b5 Bh6 17. Nxe4 Nf5 18. Bg4 Qh4 19. g3 Qd8 20. Bxf5 Bxf5 21. Bxd6 Bxe4 22. Bxf8 Bxf8 23. Rxe4 Qf6 24. Rc1 Rd8 25. Rec4 Qf5 26. b6 Bh6 27. R1c3 Rf8 28. Rc2 e4 29. Qe2 e3 30. f4 Re8 31. d6 Qe6 32. Rd4 Bg7 33. d7 Bxd4 34. dxe8Q+ Qxe8 35. Qc4+ Kf8 36. Qxd4 e2 37. Qh8+ 1-0

[Event "Doeberl Cup 47th"]
[Site "Canberra"]
[Date "2009.04.09"]
[Round "1"]
[White "Yuan, Yi"]
[Black "Nadig, Kruttika"]
[Result "1/2-1/2"]
[WhiteElo "2010"]
[BlackElo "2361"]
[PlyCount "152"]
[EventDate "2009.04.09"]
[EventType "swiss"]
[EventRounds "9"]
[EventCountry "AUS"]
[SourceTitle "CBM 129 Extra"]
[Source "ChessBase"]
[SourceDate "2009.05.05"]
[SourceVersion "2"]
[SourceVersionDate "2009.05.20"]
[SourceQuality "1"]

1. e4 c5 2. c3 d6 3. d4 Nf6 4. Bd3 Nc6 5. Ne2 g6 6. 0-0 Bg7 7. Na3 cxd4 8. cxd4 0-0 9. Bd2 b6 10. Rc1 Bb7 11. d5 Ne5 12. Bb1 Ba6 13. b4 Qd7 14. b5 Bxb5 15. Nxb5 Qxb5 16. Nd4 Qe8 17. Nc6 Nfd7 18. Nb4 a5 19. Nc6 Nc5 20. Nxe5 Bxe5 21. Bh6 Bg7 22. Bxg7 Kxg7 23. Qd4+ f6 24. f4 Rc8 25. e5 Qa4 26. Rc4 Qb5 27. Re1 dxe5 28. fxe5 Rcd8 29. a4 Qd7 30. Rd1 fxe5 31. Qxe5+ Rf6 32. Rcd4 Qd6 33. Qe3 Rdf8 34. Re1 R8f7 35. h4 h5 36. Ba2 Rf2 37. Bc4 Nd7 38. Re4 Nc5 39. Rxe7 Rxe7 40. Qxe7+ Qxe7 41. Rxe7+ Kf6 42. Kxf2 Kxe7 43. Bb5 Ne4+ 44. Ke3 Nd6 45. Bd3 Kf6 46. Kf4 Nf7 47. Bb5 Ke7 48. Bd3 Kf6 49. Bb5 Nd6 50. Bd3 Nb7 51. Be4 Nc5 52. Bc2 Nd7 53. Bd3 Ne5 54. Be2 Nf7 55. Bb5 Nd6 56. Bd3 Nf5 57. Bxf5 gxf5 58. g3 Ke7 59. Kxf5 b5 60. axb5 a4 61. b6 Kd7 62. b7 Kc7 63. d6+ Kxb7 64. Ke6 a3 65. d7 a2 66. d8Q a1Q 67. Qd5+ Ka7 68. Qc5+ Ka8 69. Qxh5 Qa6+ 70. Kf5 Qb5+ 71. Kg6 Qe8+ 72. Kh6 Qh8+ 73. Kg5 Qe5+ 74. Kg4 Qe2+ 75. Kg5 Qe5+ 76. Kh6 Qh8+ 1/2-1/2

[Event "AUS-ch U18"]
[Site "Adelaide"]
[Date "2009.01.11"]
[Round "9"]
[White "Dalton, Samuel"]
[Black "Yuan, Yi"]
[Result "0-1"]
[WhiteElo "2008"]
[BlackElo "2058"]
[PlyCount "96"]
[EventDate "2009.01.02"]
[EventType "swiss"]
[EventRounds "11"]
[EventCountry "AUS"]
[SourceTitle "CBM 128 Extra"]
[Source "ChessBase"]
[SourceDate "2009.03.05"]
[SourceVersion "2"]
[SourceVersionDate "2009.03.25"]
[SourceQuality "1"]

1. e4 e5 2. Nf3 Nc6 3. Bb5 a6 4. Ba4 Nf6 5. 0-0 Nxe4 6. d4 b5 7. Bb3 d5 8. dxe5 Be6 9. Nbd2 Nxd2 10. Qxd2 Be7 11. Rd1 0-0 12. c3 Qc8 13. Qf4 Na5 14. Bc2 c5 15. Ng5 Bxg5 16. Qxg5 f6 17. Qh5 f5 18. Rd3 Bf7 19. Qg5 Qe6 20. Rg3 Bg6 21. h4 Ra7 22. h5 f4 23. hxg6 fxg3 24. f4 h6 25. Qxg3 Rd7 26. f5 Rxf5 27. Bxf5 Qxf5 28. e6 Re7 29. Bxh6 gxh6 30. Rf1 Qxe6 31. Qb8+ Kg7 32. Rf3 Qe1+ 33. Rf1 Qe6 34. Rf3 Kxg6 35. Qh8 Qe5 36. Qg8+ Rg7 37. Qh8 Nc4 38. Rh3 h5 39. Qc8 Kh7 40. Kh1 Qg5 41. g4 h4 42. Qf5+ Qxf5 43. Rxh4+ Kg8 44. gxf5 Rh7 45. Rxh7 Kxh7 46. b3 Ne3 47. Kg1 Kg7 48. Kf2 Nd1+ 0-1